000 00825nas a2200265 4500
001 BR2014006906
003 BR-BrBNA
005 20231205124700.0
007 ta
008 230509b bl.|||p| |||| 00| 00por d
040 _aBR-BrBNA
_bpor
_cBiblioteca Nacional de Agricultura
041 _a(Pt)
072 _aL51
100 1 _aMarconcin, S.A.
100 1 _aRose, P.
100 1 _aSilva, A.V.F. da
245 1 _aSuplementação de lecitina de soja na ração de cães: estudo metabólico
650 _aCÃO
650 _aSUPLEMENTO ALIMENTAR
650 _aDIGESTIBILIDADE
650 _aMETABOLISMO
773 0 _tRevista Acadêmica. Ciências Agrárias e Ambientais (Brazil)
_xISSN 0103-989X
_g(Jul-Sep 2011), v. 9(3) p. 289-293
_wBR2014006906
909 _a202311
_bLúcia
_c55
_dLúcia Elande
942 _2AGRIS
_n0
_cANA
999 _c240358
_d240358